CTET Mathematics & Science: (Record no. 190983)

MARC details
000 -LEADER
fixed length control field 00599nam a22001697a 4500
005 - DATE AND TIME OF LATEST TRANSACTION
control field 20220817104541.0
010 ## - LCCN (DPL NO)
LC control number B-745320
020 ## - INTERNATIONAL STANDARD BOOK NUMBER
International Standard Book Number 9789353228675
Terms of availability 275.00
035 ## - SYSTEM CONTROL NUMBER
System control number B-745320
037 ## - SOURCE OF ACQUISITION
Source of stock number/acquisition Prabhat Exam
245 ## - TITLE STATEMENT
Title CTET Mathematics & Science:
Remainder of title Paper-II (Class VI-VIII) 15 Practice Sets /
260 ## - PUBLICATION, DISTRIBUTION, ETC. (IMPRINT)
Place of publication, distribution, etc New Delhi
Name of publisher, distributor, etc Prabhat Exam
270 ## - ADDRESS
Address 4/19 Asaf Ali Road New Delhi
City New Delhi
Postal code 110002
Telephone number 7827007777
Electronic mail address prabhatbooks@gmail.com
300 ## - PHYSICAL DESCRIPTION
Extent 224p.
Dimensions 28cm(pbk)
942 ## - ADDED ENTRY ELEMENTS (KOHA)
Source of classification or shelving scheme Dewey Decimal Classification
Item type English Books
Call number suffix CTE
Classification part 000
Holdings
Withdrawn status Lost status Not for loan Collection code Home library Current library Date acquired Source of acquisition Cost, normal purchase price Full call number Barcode Copy number Cost, replacement price Koha item type Public note
      Non-fiction Ashok Vihar Ashok Vihar 16/08/2022 16.8.2022/ Gift 275.00 000 CTE B-745320 1 275.00 English Books Gift

© Delhi Public Library
Hit Counter
free hit counter